Größte Fußballvereine Schleswig-Holsteins.(aktuell) - Statistiken

Allgemein
  • Dieses Quiz wurde 173 mal gespielt
  • Das Durchschnittsergebnis liegt bei 5 aus 6
Antwortstatistiken
Liga Verein % Korrekt
4.Liga 1.FC Phönix Lübeck
97%
2.Liga Holstein Kiel
97%
4.Liga Holstein Kiel II
97%
3.Liga VfB Lübeck
97%
4.Liga SC Weiche Flensburg 08
88%
4.Liga FC Kilia Kiel
33%
Keine übereinstimmenden Quizze gefunden
Verteilung der Resultate
Anzahl Personen mit jedem Resultat
Perzentil nach korrekt beantworteten Fragen
Ihre Resultats-Entwicklung
Sie haben dieses Quiz noch nicht gespielt